000
00259nam a2200109Ia 4500
008
220204s9999 xx 000 0 und d
082
_a
82-3
_b
HEY
100
_a
Heyer, Georgette
245
4
_a
The Unfinished clue
260
_a
London
_b
Bantam
_c
1971
942
_c
BK
999
_c
29091
_d
29091